Geography Click Chain #3 - Statistics

General Stats
  • This quiz has been taken 56 times
  • The average score is 5 of 5
Answer Stats
Hint Answer % Correct
Whose one land border is with the nation… United States
100%
Whose national bird is a… Bald Eagle
98%
Whose main official language is… Inuktut
98%
Which is mostly spoken in the country… Canada
94%
The northernmost Canadian province is… Nunavut
91%
No matching quizzes found
Score Distribution
Percent of People with Each Score
Percentile by Number Answered
Your Score History
You have not taken this quiz